[Event "Bucharest Grand Prix op"]
[Site "Bucharest"]
[Date "2024.03.23"]
[Round "3"]
[White "Motylev, Alexander"]
[Black "Cnejev, Vladimir Alexandru"]
[Result "1-0"]
[WhiteElo "2611"]
[BlackElo "2311"]
[PlyCount "107"]
[EventDate "2024.03.23"]
[EventType "swiss (rapid)"]
[EventRounds "10"]
[EventCountry "ROU"]
[SourceTitle "CB13_2024"]
[SourceDate "2024.03.27"]
[SourceVersion "1"]
[SourceVersionDate "2024.03.27"]
[SourceQuality "1"]

1. e4 e5 2. Nf3 Nc6 3. Bb5 a6 4. Ba4 Nf6 5. 0-0 Be7 6. Bxc6 dxc6 7. Nc3 Nd7 8. d4 Bd6 9. Bg5 f6 10. Bh4 0-0 11. Bg3 Qe7 12. Re1 Rd8 13. Qe2 exd4 14. Nxd4 Bxg3 15. hxg3 Nb6 16. Rad1 c5 17. Nb3 Be6 18. Qe3 Bxb3 19. cxb3 c4 20. bxc4 Nxc4 21. Qc1 c6 22. Na4 Ne5 23. Nc5 b6 24. Na4 b5 25. Nc5 Nc4 26. Nd3 Rd6 27. b3 Rad8 28. bxc4 Rxd3 29. Rxd3 Rxd3 30. cxb5 cxb5 31. Qc8+ Qd8 32. Qxa6 Rd1 33. Qe6+ Kh8 34. Rxd1 Qxd1+ 35. Kh2 h6 36. Qe8+ Kh7 37. Qxb5 Qc2 38. Qd5 Kh8 39. f3 Kh7 40. g4 Qf2 41. Kh3 g5 42. Qf7+ Kh8 43. Qxf6+ Kh7 44. Qf7+ Kh8 45. Qh5 Kg7 46. Kh2 Qxa2 47. Qh3 Qa6 48. Qg3 Kf6 49. Qb8 Qc6 50. Qf8+ Kg6 51. Qg8+ Kf6 52. Qf8+ Ke5 53. Qg7+ Kf4 54. Qd4 1-0

[Event "Bundesliga 2324"]
[Site "Germany"]
[Date "2023.12.03"]
[Round "4.3"]
[White "Pavlidis, Antonios"]
[Black "Motylev, Alexander"]
[Result "1/2-1/2"]
[WhiteElo "2566"]
[BlackElo "2602"]
[PlyCount "94"]
[EventDate "2023.10.21"]
[EventType "team-tourn"]
[EventRounds "15"]
[EventCountry "GER"]
[SourceTitle "CB49_2023"]
[SourceDate "2023.12.06"]
[SourceVersion "1"]
[SourceVersionDate "2023.12.06"]
[SourceQuality "1"]
[WhiteTeam "Remagen Sinzig"]
[BlackTeam "Oetigheim"]
[WhiteTeamCountry "GER"]
[BlackTeamCountry "GER"]

1. e4 e5 2. Nf3 Nc6 3. Bb5 Nf6 4. 0-0 Nxe4 5. Re1 Nd6 6. Nxe5 Be7 7. Bf1 Nf5 8. Nf3 0-0 9. d4 d5 10. Nc3 Nh4 11. Nxh4 Bxh4 12. Ne2 Bf5 13. c3 Qd7 14. Nf4 Rae8 15. Be3 Nd8 16. Nd3 Be7 17. Nc5 Qc8 18. Qf3 c6 19. h3 f6 20. Bf4 Ne6 21. Nxe6 Bxe6 22. Re3 Qd7 23. Rae1 Bd8 24. Bd3 Bf7 25. Qg3 g6 26. Bh6 Rxe3 27. fxe3 Re8 28. Rf1 Qe7 29. h4 Kh8 30. Bf4 Kg7 31. a3 a6 32. Rf3 Qd7 33. Rf1 Be6 34. h5 Bg4 35. hxg6 hxg6 36. Re1 Bf5 37. Bxf5 Qxf5 38. Bc7 Qe6 39. Bxd8 Rxd8 40. e4 dxe4 41. Rxe4 Qxe4 42. Qc7+ Kh6 43. Qxd8 Kg5 44. Qb6 Qe3+ 45. Kf1 Qf4+ 46. Ke2 Qe4+ 47. Kf2 Qf4+ 1/2-1/2

[Event "Brasov GP RO"]
[Site "Brasov"]
[Date "2023.07.20"]
[Round "7"]
[White "Warmerdam, Max"]
[Black "Motylev, Alexander"]
[Result "1-0"]
[WhiteElo "2607"]
[BlackElo "2605"]
[PlyCount "55"]
[EventDate "2023.07.16"]
[EventType "swiss"]
[EventRounds "9"]
[EventCountry "ROU"]
[SourceTitle "CBM 215 Extra"]
[Source "ChessBase"]
[SourceDate "2023.09.30"]
[SourceVersion "1"]
[SourceVersionDate "2023.09.30"]
[SourceQuality "1"]

1. c4 c6 2. Nf3 d5 3. g3 Nf6 4. Bg2 g6 5. b3 Bg7 6. Bb2 0-0 7. 0-0 Bg4 8. d4 Nbd7 9. Nc3 Bxf3 10. Bxf3 e5 11. cxd5 exd4 12. Na4 c5 13. Rc1 Rc8 14. b4 b6 15. Ba3 Ne5 16. bxc5 b5 17. d6 Nxf3+ 18. exf3 bxa4 19. c6 Nd7 20. Re1 Re8 21. Re7 Nc5 22. Bxc5 Rxe7 23. dxe7 Qe8 24. Qxa4 Rxc6 25. Kg2 Rc8 26. Bxd4 Ra8 27. Qxe8+ Rxe8 28. Bxa7 1-0

[Event "Brasov GP RO"]
[Site "Brasov"]
[Date "2023.07.19"]
[Round "6"]
[White "Motylev, Alexander"]
[Black "Tzidkiya, Yeshaayahu"]
[Result "1-0"]
[WhiteElo "2605"]
[BlackElo "2437"]
[PlyCount "73"]
[EventDate "2023.07.16"]
[EventType "swiss"]
[EventRounds "9"]
[EventCountry "ROU"]
[SourceTitle "CBM 215 Extra"]
[Source "ChessBase"]
[SourceDate "2023.09.30"]
[SourceVersion "1"]
[SourceVersionDate "2023.09.30"]
[SourceQuality "1"]

1. e4 c5 2. Nf3 g6 3. c3 Nc6 4. d4 d5 5. exd5 Qxd5 6. Na3 Bg4 7. Bc4 Qe4+ 8. Be3 Bh6 9. Bd3 Qe6 10. Bc4 Qe4 11. h3 Bxf3 12. Qxf3 Qxf3 13. gxf3 cxd4 14. cxd4 Rd8 15. d5 Bxe3 16. fxe3 Ne5 17. Bb5+ Kf8 18. Ke2 Rxd5 19. Rhd1 Nf6 20. f4 Nc6 21. Rxd5 Nxd5 22. Bxc6 bxc6 23. Rc1 Kg7 24. Rxc6 Rb8 25. Nc4 Rb5 26. a3 Rb3 27. Rc8 Nb6 28. Rb8 Rb5 29. b4 Kf6 30. Rb7 Ke6 31. Na5 Rh5 32. Rxa7 Nd5 33. Nc4 Rxh3 34. Ra6+ Kf5 35. b5 Rh1 36. b6 Rb1 37. e4+ 1-0

[Event "Brasov GP RO"]
[Site "Brasov"]
[Date "2023.07.17"]
[Round "3"]
[White "Vagman, Roy"]
[Black "Motylev, Alexander"]
[Result "0-1"]
[WhiteElo "2276"]
[BlackElo "2605"]
[PlyCount "110"]
[EventDate "2023.07.16"]
[EventType "swiss"]
[EventRounds "9"]
[EventCountry "ROU"]
[SourceTitle "CBM 215 Extra"]
[Source "ChessBase"]
[SourceDate "2023.09.30"]
[SourceVersion "1"]
[SourceVersionDate "2023.09.30"]
[SourceQuality "1"]

1. e4 e5 2. Nf3 Nc6 3. Bb5 a6 4. Ba4 Nf6 5. Nc3 Bc5 6. Bxc6 dxc6 7. d3 Nd7 8. 0-0 0-0 9. Be3 Bd6 10. Ne2 c5 11. a4 Nb8 12. Nd2 Nc6 13. Nc4 Be6 14. Qd2 Be7 15. Na5 Nxa5 16. Qxa5 Bd6 17. Qc3 b6 18. f4 f6 19. f5 Bf7 20. g4 Qe7 21. b3 b5 22. axb5 axb5 23. Ng3 Rfd8 24. g5 Kh8 25. Rxa8 Rxa8 26. Ra1 Rxa1+ 27. Qxa1 fxg5 28. Qa8+ Bg8 29. Qc6 b4 30. Kg2 g4 31. Kg1 h6 32. f6 Qxf6 33. Bxc5 Qg5 34. Bxd6 cxd6 35. Nf5 g6 36. Nxd6 Qe3+ 37. Kg2 Qh3+ 38. Kg1 g3 39. hxg3 Qxg3+ 40. Kh1 h5 41. Qe8 Qh4+ 42. Kg1 Qg5+ 43. Kh2 Kg7 44. Qd7+ Kh6 45. Qc8 Qf6 46. Qxg8 Qxd6 47. Kg2 Qe7 48. Qc8 Qg5+ 49. Kh3 Qf6 50. Qc5 Qf3+ 51. Kh2 Qf4+ 52. Kg2 h4 53. Qxb4 Qg3+ 54. Kh1 Qf3+ 55. Kh2 Qf2+ 0-1

[Event "Prague Challengers 5th"]
[Site "Prague"]
[Date "2023.06.25"]
[Round "5"]
[White "Motylev, Alexander"]
[Black "Bartel, Mateusz"]
[Result "1/2-1/2"]
[WhiteElo "2597"]
[BlackElo "2609"]
[PlyCount "51"]
[EventDate "2023.06.20"]
[EventType "tourn"]
[EventRounds "9"]
[EventCountry "CZE"]
[EventCategory "12"]
[SourceTitle "CBM 215 Extra"]
[Source "ChessBase"]
[SourceDate "2023.09.30"]
[SourceVersion "1"]
[SourceVersionDate "2023.09.30"]
[SourceQuality "1"]

1. e4 e5 2. Nf3 Nc6 3. Bb5 a6 4. Ba4 Nf6 5. 0-0 Nxe4 6. d4 Be7 7. Re1 b5 8. Rxe4 d5 9. Nxe5 Nxe5 10. Rxe5 bxa4 11. Qe2 Be6 12. f4 Kf8 13. Nc3 Bd6 14. Nxa4 Qf6 15. Nc5 Bxe5 16. fxe5 Qg6 17. Bf4 h5 18. h4 Kg8 19. Rf1 Bg4 20. Qd2 Kh7 21. Bg5 Rhf8 22. Nd3 f6 23. Nf4 Qf5 24. Nd3 Qg6 25. Nf4 Qf5 26. Nd3 1/2-1/2

[Event "Prague Challengers 5th"]
[Site "Prague"]
[Date "2023.06.23"]
[Round "3"]
[White "Motylev, Alexander"]
[Black "Akash, G."]
[Result "1/2-1/2"]
[WhiteElo "2597"]
[BlackElo "2483"]
[PlyCount "169"]
[EventDate "2023.06.20"]
[EventType "tourn"]
[EventRounds "9"]
[EventCountry "CZE"]
[EventCategory "12"]
[SourceTitle "CBM 215 Extra"]
[Source "ChessBase"]
[SourceDate "2023.09.30"]
[SourceVersion "1"]
[SourceVersionDate "2023.09.30"]
[SourceQuality "1"]

1. e4 e5 2. Nf3 Nc6 3. Bb5 a6 4. Ba4 Nf6 5. 0-0 Be7 6. Re1 b5 7. Bb3 0-0 8. a3 d6 9. c3 Na5 10. Bc2 c5 11. d4 Qc7 12. Nbd2 Re8 13. b4 cxb4 14. cxb4 Nc4 15. Nxc4 bxc4 16. Bd2 d5 17. Nxe5 Nxe4 18. Qf3 Be6 19. Bxe4 dxe4 20. Qxe4 Bd6 21. Bc3 f6 22. Nf3 Qf7 23. Nd2 Bd5 24. Qf5 Be6 25. Qf3 Bd5 26. Qf5 Be6 27. Qc2 Qh5 28. Nf1 Bd5 29. Ng3 Qg5 30. Qa4 Red8 31. Qc2 Re8 32. Qa4 Red8 33. Qa5 Bf8 34. Re3 Qg6 35. Qa4 f5 36. f4 Bd6 37. Rf1 h5 38. Qc2 Rf8 39. h3 h4 40. Nh1 Rae8 41. Ree1 Rxe1 42. Bxe1 Qf6 43. Qf2 Re8 44. Bc3 Re4 45. Re1 Rxf4 46. Re8+ Kh7 47. Qe2 Qg6 48. Re3 Re4 49. Rxe4 Bxe4 50. Qf2 Kg8 51. Qe2 Bd5 52. Be1 f4 53. Kf1 Be4 54. Qxc4+ Kh7 55. Nf2 Qxg2+ 56. Ke2 Qf3+ 57. Kf1 Bf5 58. Bd2 Bxh3+ 59. Ke1 Bf5 60. Qxa6 Qd5 61. Qe2 f3 62. Qe8 Bg6 63. Qe3 Bg3 64. Kf1 Qa2 65. Be1 Qc4+ 66. Kg1 Qd5 67. Nh3 Bxe1 68. Qxe1 Qxd4+ 69. Qf2 Qg4+ 70. Kh2 Bf5 71. Qxf3 Qxf3 72. Ng5+ Kh6 73. Nxf3 g5 74. b5 Be4 75. Ne5 Kh5 76. Nd7 Bf3 77. b6 g4 78. Nc5 g3+ 79. Kh3 Bg4+ 80. Kg2 Bc8 81. Kf3 Bg4+ 82. Kg2 Bc8 83. Kf3 Bg4+ 84. Kg2 Bc8 85. Kf3 1/2-1/2

[Event "ChessKid Cup Play In"]
[Site "Chess.com INT"]
[Date "2023.05.01"]
[Round "1"]
[White "Keymer, Vincent"]
[Black "Motylev, Alexander"]
[Result "1-0"]
[WhiteElo "2700"]
[BlackElo "2604"]
[PlyCount "75"]
[EventDate "2023.05.01"]
[EventType "swiss (blitz)"]
[EventRounds "9"]
[EventCountry "USA"]
[SourceTitle "CBM 214 Extra"]
[Source "ChessBase"]
[SourceDate "2023.07.31"]
[SourceVersion "1"]
[SourceVersionDate "2023.07.31"]
[SourceQuality "1"]

1. Nf3 d5 2. e3 Nf6 3. c4 e6 4. Nc3 a6 5. b3 Bd6 6. g3 c5 7. Bg2 Nc6 8. cxd5 exd5 9. 0-0 d4 10. Ne2 d3 11. Nf4 Nb4 12. Bb2 0-0 13. Ne5 Bc7 14. a3 Nc2 15. Ra2 Bxe5 16. Bxe5 Bf5 17. Bxb7 Ra7 18. Bg2 Re8 19. Bxf6 Qxf6 20. Qf3 Qd6 21. Qd5 Qxd5 22. Bxd5 g5 23. Nh5 Rd8 24. f4 Kf8 25. Bc4 g4 26. Nf6 Rd6 27. Nd5 Be4 28. Nc3 Bf3 29. Kf2 Rad7 30. h4 f5 31. Rc1 Kg7 32. Bxd3 Nxe3 33. Bxa6 Nd1+ 34. Nxd1 Rxd2+ 35. Rxd2 Rxd2+ 36. Ke1 Rg2 37. Bf1 Ra2 38. Rxc5 1-0

[Event "ChessKid Cup Play In"]
[Site "Chess.com INT"]
[Date "2023.05.01"]
[Round "6"]
[White "Motylev, Alexander"]
[Black "Girya, Olga"]
[Result "0-1"]
[WhiteElo "2604"]
[BlackElo "2402"]
[PlyCount "78"]
[EventDate "2023.05.01"]
[EventType "swiss (blitz)"]
[EventRounds "9"]
[EventCountry "USA"]
[SourceTitle "CBM 214 Extra"]
[Source "ChessBase"]
[SourceDate "2023.07.31"]
[SourceVersion "1"]
[SourceVersionDate "2023.07.31"]
[SourceQuality "1"]

1. e4 e5 2. Nf3 Nc6 3. Bb5 a6 4. Ba4 Nf6 5. 0-0 Nxe4 6. d4 b5 7. Bb3 d5 8. dxe5 Be6 9. Nbd2 Be7 10. c3 Nc5 11. Bc2 d4 12. Nb3 d3 13. Bb1 Nxb3 14. axb3 Bf5 15. Be3 0-0 16. Re1 Qd5 17. Bd4 Rfd8 18. h4 d2 19. Bxf5 dxe1Q+ 20. Qxe1 Nxd4 21. Nxd4 c5 22. Be4 Qd7 23. Nc6 Bxh4 24. Bxh7+ Kxh7 25. Qe4+ Kg8 26. g3 Be7 27. e6 fxe6 28. Kg2 Rdc8 29. Nxe7+ Qxe7 30. Rh1 Qf6 31. Rh5 g6 32. Rh4 e5 33. Qd5+ Kf8 34. Kh2 Ra7 35. f4 Rf7 36. Kg1 Kg7 37. Qh1 exf4 38. Qh3 fxg3 39. Rh7+ Kg8 0-1

[Event "ChessKid Cup Play In"]
[Site "Chess.com INT"]
[Date "2023.05.01"]
[Round "7"]
[White "Motylev, Alexander"]
[Black "Kozak, Adam"]
[Result "0-1"]
[WhiteElo "2604"]
[BlackElo "2568"]
[PlyCount "104"]
[EventDate "2023.05.01"]
[EventType "swiss (blitz)"]
[EventRounds "9"]
[EventCountry "USA"]
[SourceTitle "CBM 214 Extra"]
[Source "ChessBase"]
[SourceDate "2023.07.31"]
[SourceVersion "1"]
[SourceVersionDate "2023.07.31"]
[SourceQuality "1"]

1. d4 Nf6 2. c4 e6 3. Nf3 d5 4. g3 Bb4+ 5. Bd2 Bd6 6. Bg2 0-0 7. 0-0 c6 8. Nc3 Nbd7 9. Bg5 h6 10. Bxf6 Nxf6 11. Qc2 dxc4 12. Nd2 e5 13. dxe5 Bxe5 14. Nxc4 Bc7 15. e4 Be6 16. Ne2 Qe7 17. Nd4 Rad8 18. Nxe6 Qxe6 19. Rad1 b5 20. Ne3 Bb6 21. Nf5 Rxd1 22. Rxd1 Ng4 23. Nd4 Qf6 24. h3 Bxd4 25. hxg4 c5 26. b3 a6 27. Kf1 g5 28. Qe2 Re8 29. Qf3 Qg7 30. Qf5 Re6 31. Bf3 Rf6 32. Qc8+ Kh7 33. Kg2 Re6 34. Qb7 Qf6 35. b4 Re7 36. Qd5 Re5 37. Qb7 Kg7 38. Qd7 Qe6 39. Qxe6 Rxe6 40. bxc5 Bxc5 41. Rd5 Bb6 42. Rd7 Bc5 43. Rd5 Bb4 44. Rd7 Kf8 45. Rb7 Bc3 46. Kf1 Rd6 47. Be2 Rd2 48. a4 bxa4 49. Rc7 Bd4 50. Rc4 a3 51. Ke1 Rxe2+ 52. Kxe2 a2 0-1

[Event "ChessKid Cup Play In"]
[Site "Chess.com INT"]
[Date "2023.05.01"]
[Round "5"]
[White "Tari, Aryan"]
[Black "Motylev, Alexander"]
[Result "1-0"]
[WhiteElo "2640"]
[BlackElo "2604"]
[PlyCount "49"]
[EventDate "2023.05.01"]
[EventType "swiss (blitz)"]
[EventRounds "9"]
[EventCountry "USA"]
[SourceTitle "CBM 214 Extra"]
[Source "ChessBase"]
[SourceDate "2023.07.31"]
[SourceVersion "1"]
[SourceVersionDate "2023.07.31"]
[SourceQuality "1"]

1. e4 e5 2. Nf3 Nc6 3. d4 exd4 4. Nxd4 Nf6 5. Nxc6 bxc6 6. Nd2 Bc5 7. Nb3 Bb6 8. e5 Ne4 9. Qg4 Nxf2 10. Qxg7 Qh4 11. Qxh8+ Ke7 12. Qf6+ Qxf6 13. exf6+ Kxf6 14. Rg1 Ne4 15. Bd3 Bxg1 16. Bxe4 d5 17. Kf1 Bxh2 18. Bxh7 Be5 19. Bd3 Bg4 20. Kf2 c5 21. Nxc5 Re8 22. c3 Bd6 23. b4 a5 24. a3 Be5 25. Bd2 1-0

[Event "EU-ch 23rd"]
[Site "Vrnjacka Banja"]
[Date "2023.03.10"]
[Round "8"]
[White "Baum, Jonasz"]
[Black "Motylev, Alexander"]
[Result "1/2-1/2"]
[WhiteElo "2426"]
[BlackElo "2621"]
[PlyCount "53"]
[EventDate "2023.03.03"]
[EventType "swiss"]
[EventRounds "11"]
[EventCountry "SRB"]
[SourceTitle "CBM 213"]
[Source "ChessBase"]
[SourceDate "2023.04.30"]
[SourceVersion "1"]
[SourceVersionDate "2023.04.30"]
[SourceQuality "1"]

1. e4 e5 2. Nf3 Nc6 3. Bb5 a6 4. Ba4 Nf6 5. 0-0 d6 6. Re1 Bd7 7. c4 Be7 8. Nc3 Bg4 9. h3 Bxf3 10. Bxc6+ bxc6 11. Qxf3 0-0 12. d3 Rb8 13. b3 Nd7 14. Be3 c5 15. g3 Qe8 16. h4 Kh8 17. h5 c6 18. Bd2 Rg8 19. Nd1 Nf8 20. Ne3 Ne6 21. Kg2 Bg5 22. Rad1 Bxe3 23. Bxe3 Qe7 24. Rh1 Rb7 25. Qg4 h6 26. f4 f6 27. f5 1/2-1/2

[Event "EU-ch 23rd"]
[Site "Vrnjacka Banja"]
[Date "2023.03.06"]
[Round "4"]
[White "Bournel, Antoine"]
[Black "Motylev, Alexander"]
[Result "0-1"]
[WhiteElo "2377"]
[BlackElo "2621"]
[PlyCount "53"]
[EventDate "2023.03.03"]
[EventType "swiss"]
[EventRounds "11"]
[EventCountry "SRB"]
[SourceTitle "CBM 213"]
[Source "ChessBase"]
[SourceDate "2023.04.30"]
[SourceVersion "1"]
[SourceVersionDate "2023.04.30"]
[SourceQuality "1"]

1. d4 Nf6 2. c4 c6 3. Nc3 d5 4. Nf3 dxc4 5. a4 a5 6. e4 Bg4 7. Bxc4 e6 8. Be3 Bb4 9. Qc2 Nbd7 10. 0-0 Bxf3 11. gxf3 0-0 12. Kh1 e5 13. Rad1 exd4 14. Bxd4 Qc7 15. Rg1 Bd6 16. Rg2 Be5 17. Be3 Bf4 18. Rdg1 g6 19. Qc1 Nh5 20. Ne2 Bxe3 21. Qxe3 Ne5 22. Ba2 Rad8 23. f4 Nd3 24. e5 Kh8 25. Bb1 Qd7 26. Bc2 Nb4 27. Be4 0-1

[Event "Cannes op 36th"]
[Site "Cannes"]
[Date "2023.02.24"]
[Round "7"]
[White "Maurizzi, Marc Andria"]
[Black "Motylev, Alexander"]
[Result "1/2-1/2"]
[WhiteElo "2523"]
[BlackElo "2624"]
[PlyCount "26"]
[EventDate "2023.02.20"]
[EventType "swiss"]
[EventRounds "9"]
[EventCountry "FRA"]
[SourceTitle "CBM 212 Extra"]
[Source "ChessBase"]
[SourceDate "2023.03.31"]
[SourceVersion "1"]
[SourceVersionDate "2023.03.31"]
[SourceQuality "1"]

1. e4 e5 2. Nf3 Nc6 3. d4 exd4 4. Bc4 Nf6 5. e5 d5 6. Bb5 Ne4 7. Nxd4 Bd7 8. Bxc6 bxc6 9. 0-0 Be7 10. Nc3 Nxc3 11. bxc3 c5 12. Ne2 c6 13. Ng3 0-0 1/2-1/2